| 000 | 00765nam a22002057a 4500 | ||
|---|---|---|---|
| 003 | 0 | ||
| 005 | 20250423150332.0 | ||
| 008 | 250423b xxu||||| |||| 00| 0 eng d | ||
| 020 | _a978-621-92620-0-2 | ||
| 050 |
_aKPM 942.5 _b.Ad35 2020 |
||
| 100 | _aAdiova, Manuel "Jose" C. | ||
| 245 |
_aThe practice of real estate in the Philippines _cManuel Jose C. Adiova |
||
| 260 |
_aMakati City _bCreating Abundanced in Real Estate Network Multipurpose Cooperative _c2020 |
||
| 300 |
_a633 pages ; _c23cm. |
||
| 650 | _aReal estate business—Philippines. | ||
| 650 | _aReal estate agents—Philippines. | ||
| 650 | _aReal property—Law and legislation—Philippines. | ||
| 650 | _aReal estate business—Law and legislation—Philippines. | ||
| 942 |
_2lcc _cBK |
||
| 999 |
_c367398 _d367398 |
||